Οικονομική και λογιστική εγκυκλοπαίδεια : φορολογική - φοροτεχνική
Αποθηκεύτηκε σε:
| Μορφή: | Βιβλίο |
|---|---|
| Γλώσσα: | Greek |
| Δημοσίευση: |
Αθήναι :
[χ.ε.],
1962
|
| Θέματα: | |
| Ετικέτες: |
Προσθήκη ετικέτας
Δεν υπάρχουν, Καταχωρήστε ετικέτα πρώτοι!
|
MARC
| LEADER | 00000cam a2200000 i 4500 | ||
|---|---|---|---|
| 001 | 1/34559 | ||
| 008 | 060919s1962 gre d | ||
| 035 | |l 10085265 | ||
| 040 | |a GR-MY-UA |b gre |e aacr | ||
| 041 | 0 | |a gre | |
| 082 | 0 | |a 330.03 |2 (22) | |
| 245 | 1 | 0 | |a Οικονομική και λογιστική εγκυκλοπαίδεια : |b φορολογική - φοροτεχνική |
| 260 | |a Αθήναι : |b [χ.ε.], |c 1962 | ||
| 300 | |a 455 σ.; |c 25 εκ | ||
| 500 | |a Τόμος αυτοτελής εις δύο ημιτόμους: Α' ημιτόμος: φορολογία-φοροτεχνικά συστήματα-Φορολογικόν Δίκαιον-φορολογική δικονομία-φόροι. Β' ημιτόμος: κώδιξ φορολογικών στοιχείων-φοροτεχνική | ||
| 650 | 0 | 0 | |a Economics |x Encyclopedias. |
| 650 | 0 | 0 | |a Accounting |x Encyclopedias. |
| 650 | 0 | 0 | |a Taxation |x Encyclopedias. |
| 852 | |a INST |b CHIOS |e 20060919 |h 330.03 ΟΙΚ |p 005200027184 |q 005200027184 |t REF |y 23 | ||
| 901 | |a BIBL2-2006-2 | ||
| 909 | |a Χ |b 100190 | ||
| 970 | |a ΒΑΣΙΛΑΚΗ |b ΝΙΚΗ |z 2006/09/19 | ||